000 00484nam a2200181Ia 4500
999 _c1922
_d1922
003 OSt
005 20200928123812.0
008 190216s9999||||xx |||||||||||||| ||und||
020 _a9788121903417
040 _coclc
082 _a581.6
_bPAN/E
100 _aPandey, B P
_94781
245 0 _aEconomic Botany /
_cB P Pandey
250 _a7th Ed.
260 _bS Chand & Co,
_c2007.
_aNew Delhi:
300 _a628p
942 _cBK
_2ddc
_h581.6
_iPAN/E
_k581.6
_mPAN/E